000
00341 a2200157 4500
001
65692
020
_a
9783852723280
040
_c
Anchieta - Pituba
100
_a
Davenport, Paul
240
1
0
_a
Stubs grows up
_l
por
245
1
0
_a
Stubs grows up
300
_a
92
362
0
_a
2012
650
4
_a
Literatura juvenil em inglês
942
_c
BK
999
_c
65692
_d
65692